000 00382nam a2200133Ia 4500
005 20260328101516.0
008 260328s9999||||xx |||||||||||||| ||und||
100 _aKopp, Anatole
245 0 _aVille et Revolution :
_b Architecture et Urbanisme sovietiques des annees vingt /
_cAnatole Kopp
260 _bAnthropos
300 _a277 p.
650 _aARQUITECTURA REGIONAL
942 _cBK
999 _c9371
_d9371